00963nam a2200241Ia 4500003000400000005001700004008004100021020001800062040001800080041000800098082002200106100002600128245015200154250001200306260004400318300002800362650003800390650003300428650004100461942003100502999001900533952016900552OSt20250304113201.0210716s2015 xx 000 0 und d a9781785286001 cAIMIT LIBRARY aeng a006.671 21bGARS aGarg, Shankar9203673 aCucumber cookbook : bover 35 hands on recipes to efficiently master the art of behaviour driven development using cucumber JVM /cBy Shankar Garg. a1st ed. aMumbai :bPackt Publishing Ltd ,c2015. aviii,139p. ;bPBc24 cm aCreating step definitions9203674 aConfiguring cucumber9203675 aBuilding cucumber frameworks9203676 2ddccBKe1stk006.671 GARE c196170d196170 00102ddc40708MCAaAIMITbAIMITeKnowledge Worldg599.00iBill no:501; Bill dt:2018-03-05l0o006.671 GARSpMCA15685r2025-07-21 00:00:00v467.22w2021-07-16yBK